000 00680nam a2200229Ia 4500
008 160319s9999 xx 000 0 und d
020 _a971-513-102-6
050 _aFIL RT 49
050 _b.C39 1998 c.2
100 _aCawaon, Florence C.
245 _aIntroduction to nursing management functions :
245 _ba handbook for student nurses /
245 _cFlorence C. Cawaon.
260 _aManila :
260 _bEducational Pub. House,
260 _c1998
300 _a98 pages :
300 _billustrations ;
300 _c25 cm.
500 _aIncludes bibliographical references.
650 _aNursing services -- Administration -- Handbooks, manuals, etc.
999 _c291919
_d291919